| 000 | 00336nam a22001337a 4500 | ||
|---|---|---|---|
| 040 | _cNUST | ||
| 082 |
_a658.562 _bNAW |
||
| 100 |
_aKhan, Dr. Nawaz _9124017 |
||
| 245 | _aTotal Quality Management | ||
| 250 | _aFirst Edition | ||
| 260 |
_aRawalpindi: _bNust Publishing, _c2008. |
||
| 650 | _aTotal Quality Management | ||
| 942 |
_2ddc _cBK |
||
| 999 |
_c609997 _d609997 |
||